Atlanti
| Main Author: | |
|---|---|
| Format: | Book |
| Published: |
New York :
Fawcett Crest ,
c1984
|
| Subjects: |
MARC
| LEADER | 00000cam a2200000 7i4500 | ||
|---|---|---|---|
| 001 | 0000007745 | ||
| 005 | 20160801093000.0 | ||
| 020 | |a 0749207420 | ||
| 090 | 0 | 0 | |a GN751 |b .B4 1984 |
| 100 | 0 | |a Berlitz, Charles , |d 1914-2003 , |e author | |
| 245 | 0 | 0 | |a Atlanti |c Charles Berlitz |
| 260 | 2 | |a New York : |b Fawcett Crest , |c c1984 | |
| 300 | |a 243 p. ; |c 18 cm. | ||
| 500 | |a Includes index | ||
| 504 | |a Bibliography: p. 231-232 | ||
| 650 | 0 | |a Atlantis | |
| 650 | 0 | |a Lost continents | |
| 999 | |a 1000067410 |b Book |c OPEN SHELF (30 DAYS) |e Gong Badak Campus | ||